Normal view
MARC view
Entry Topical Term
001 - CONTROL NUMBER
- control field: 31416
003 - CONTROL NUMBER IDENTIFIER
- control field: OSt
005 - DATE AND TIME OF LATEST TRANSACTION
- control field: 20260629114713.0
008 - FIXED-LENGTH DATA ELEMENTS
- fixed length control field: 260629|| aca||aabn | a|a d
040 ## - CATALOGING SOURCE
- Original cataloging agency: OSt
- Transcribing agency: OSt
150 ## - HEADING--TOPICAL TERM
- Topical term or geographic name entry element: Developmental Psychology....United States
670 ## - SOURCE DATA FOUND
- Source citation: Work cat.: (OSt)25317: Myrick Robert D. 31413, Developmental Guidance and Counseling: A Practical Approach, 1997
